000 00246nam a2200097Ia 4500
001 1211303
005 20250827024434.0
008 250824s9999 xx 000 0 und d
245 0 _aKANADI KIRIK KUŞLAR
_cAYŞE KULİN
260 _bEVEREST YAYINLARI
999 _c1211303
_d1211303